Detalles MARC
| 000 -CABECERA |
| Longitud fija campo de control |
01532nam a2200469 c 4500 |
| 001 - NÚMERO DE CONTROL |
| Número de control |
21001 |
| 003 - IDENTIFICADOR DE NÚMERO DE CONTROL |
| Identificador del número de control |
ES-MaCES |
| 005 - FECHA Y HORA DE LA ÚLTIMA TRANSACCIÓN |
| Fecha y hora de la última transacción |
20231212102417.0 |
| 008 - CAMPO FIJO DE DESCRIPCIÓN FIJA--INFORMACIÓN GENERAL |
| Códigos de información de longitud fija |
080408s2007 fr a t i000 | eng d |
| 020 ## - ISBN (INTERNATIONAL STANDARD BOOK NUMBER) |
| Número Internacional Normalizado para Libros (ISBN) |
9789231040580 (Unesco) |
| 020 ## - ISBN (INTERNATIONAL STANDARD BOOK NUMBER) |
| Número Internacional Normalizado para Libros (ISBN) |
9780199532636 (Oup) |
| 035 ## - NÚMERO DE CONTROL DEL SISTEMA |
| Número de control del sistema |
CES20080003227m |
| 040 ## - FUENTE DE CATALOGACIÓN |
| Centro catalogador de origen |
ES-MaCES |
| Lengua de catalogación |
spa |
| Centro transcriptor |
ES-MaCES |
| 245 00 - MENCIÓN DE TÍTULO |
| Título |
EFA global monitoring report 2008 |
| Resto del título |
: education for all : education for all by 2015 : will we make it? |
| 250 ## - MENCIÓN DE EDICIÓN |
| Mención de edición |
1st ed |
| 260 ## - PUBLICACIÓN, DISTRIBUCIÓN, ETC (PIE DE IMPRENTA) |
| Lugar de publicación, distribución, etc. |
Paris |
| Nombre del editor, distribuidor, etc. |
Unesco |
| Lugar de publicación, distribución, etc. |
Oxford |
| Nombre del editor, distribuidor, etc. |
Oxford University Press |
| Fecha de publicación, distribución, etc. |
2007 |
| 300 ## - DESCRIPCIÓN FÍSICA |
| Extensión |
X, 434 p. |
| Otras características físicas |
il. col. |
| Dimensiones |
28 cm |
| 500 ## - NOTA GENERAL |
| Nota general |
Tít. tomado de la cub |
| 500 ## - NOTA GENERAL |
| Nota general |
Índices |
| 504 ## - NOTA DE BIBLIOGRAFÍA, ETC. |
| Nota de bibliografía, etc. |
Bibliografía: p. 396-416 |
| 541 ## - NOTA DE LA FUENTE INMEDIANTE DE ADQUISICIÓN |
| Forma de adquisición |
Compra |
| 650 #4 - ASIENTO SECUNDARIO DE MATERIA--TÉRMINO DE MATERIA |
| Término de materia o nombre geográfico como elemento inicial |
educación |
| 9 (RLIN) |
27367 |
| 650 #4 - ASIENTO SECUNDARIO DE MATERIA--TÉRMINO DE MATERIA |
| Término de materia o nombre geográfico como elemento inicial |
acceso a la educación |
| 9 (RLIN) |
27360 |
| 650 #4 - ASIENTO SECUNDARIO DE MATERIA--TÉRMINO DE MATERIA |
| Término de materia o nombre geográfico como elemento inicial |
oportunidades de educación |
| 9 (RLIN) |
27181 |
| 650 #4 - ASIENTO SECUNDARIO DE MATERIA--TÉRMINO DE MATERIA |
| Término de materia o nombre geográfico como elemento inicial |
política educativa |
| 9 (RLIN) |
27373 |
| 650 #4 - ASIENTO SECUNDARIO DE MATERIA--TÉRMINO DE MATERIA |
| Término de materia o nombre geográfico como elemento inicial |
presupuesto de la educación |
| 9 (RLIN) |
27398 |
| 650 #4 - ASIENTO SECUNDARIO DE MATERIA--TÉRMINO DE MATERIA |
| Término de materia o nombre geográfico como elemento inicial |
financiación |
| 9 (RLIN) |
28125 |
| 650 #4 - ASIENTO SECUNDARIO DE MATERIA--TÉRMINO DE MATERIA |
| Término de materia o nombre geográfico como elemento inicial |
predicción |
| 9 (RLIN) |
28899 |
| 650 #4 - ASIENTO SECUNDARIO DE MATERIA--TÉRMINO DE MATERIA |
| Término de materia o nombre geográfico como elemento inicial |
2015 |
| 9 (RLIN) |
31152 |
| 650 #4 - ASIENTO SECUNDARIO DE MATERIA--TÉRMINO DE MATERIA |
| Término de materia o nombre geográfico como elemento inicial |
país desarrollado |
| 9 (RLIN) |
27091 |
| 650 #4 - ASIENTO SECUNDARIO DE MATERIA--TÉRMINO DE MATERIA |
| Término de materia o nombre geográfico como elemento inicial |
país en desarrollo |
| 9 (RLIN) |
27092 |
| 650 #4 - ASIENTO SECUNDARIO DE MATERIA--TÉRMINO DE MATERIA |
| Término de materia o nombre geográfico como elemento inicial |
2008 |
| 9 (RLIN) |
31908 |
| 650 #4 - ASIENTO SECUNDARIO DE MATERIA--TÉRMINO DE MATERIA |
| Término de materia o nombre geográfico como elemento inicial |
informe |
| 9 (RLIN) |
28986 |
| 653 10 - TÉRMINO DE INDEXACIÓN--NO CONTROLADO |
| Término no controlado |
Educación |
| 710 2# - ENCABEZAMIENTO SECUNDARIO--NOMBRE CORPORATIVO |
| Nombre de entidad o nombre de jurisdicción como elemento inicial |
UNESCO |
| Término indicativo de función |
ed. |
| 9 (RLIN) |
5066 |
| 710 2# - ENCABEZAMIENTO SECUNDARIO--NOMBRE CORPORATIVO |
| 9 (RLIN) |
5440 |
| Nombre de entidad o nombre de jurisdicción como elemento inicial |
University of Oxford |
| Término indicativo de función |
ed. |
| 787 0# - ENTRADA DE OTRAS ESPECIFICACIONES |
| Título |
EFA global monitoring report 2009 |
| Número de control del registro relacionado |
(ES-MaCES)22417 |
| 787 0# - ENTRADA DE OTRAS ESPECIFICACIONES |
| Título |
EFA global monitoring report 2007 |
| Número de control del registro relacionado |
(ES-MaCES)21000 |
| 902 ## - CES. TIPO DE DOCUMENTO |
| Tipodoc (006$c Sirtex) |
LIB Libro |
| 942 ## - ELEMENTOS KOHA |
| Fuente de clasificaión o esquema |
Clasificación propia del CES |
| Koha [por defecto] tipo de item |
Monografías |
| Parte de clasificación |
Educación |